[Event "Wch Seniors 50 29th"]
[Site "Bucharest"]
[Date "2019.11.22"]
[Round "10"]
[White "Sielicki, Tomasz"]
[Black "Verciuc, Nicolae"]
[Result "0-1"]
[WhiteElo "2066"]
[BlackElo "1878"]
[PlyCount "80"]
[EventDate "2019.11.12"]
[EventType "swiss"]
[EventRounds "11"]
[EventCountry "ROU"]
[SourceTitle "CBM 193 Extra"]
[Source "ChessBase"]
[SourceDate "2020.01.31"]
[SourceVersion "1"]
[SourceVersionDate "2020.01.31"]
[SourceQuality "1"]

1. d4 Nf6 2. Bg5 Ne4 3. h4 c5 4. d5 Qb6 5. Nd2 Nxd2 6. Bxd2 Qxb2 7. Rh3 d6 8. Bc3 Qb6 9. Rg3 Nd7 10. Rb1 Qc7 11. Bxg7 Bxg7 12. Rxg7 Qa5+ 13. Qd2 Qxd2+ 14. Kxd2 Nf6 15. c4 Kf8 16. Rg5 h6 17. Rg3 Ne4+ 18. Ke1 Nxg3 19. fxg3 Rg8 20. Kf2 b6 21. e4 e5 22. Bd3 Bd7 23. Rb3 Ke7 24. Ra3 a6 25. Rb3 b5 26. Ne2 b4 27. Rb2 a5 28. Bc2 Raf8 29. a3 f5 30. exf5 Bxf5 31. Bxf5 Rxf5+ 32. Ke3 Rg4 33. axb4 axb4 34. Rd2 Rf7 35. Ra2 Rf8 36. Rc2 Ra8 37. Kf3 h5 38. Kf2 Ra3 39. Nc1 Raxg3 40. Kg1 Rc3 0-1

[Event "Wch Seniors 50 29th"]
[Site "Bucharest"]
[Date "2019.11.20"]
[Round "8"]
[White "Mitrandzas, Athanasios"]
[Black "Verciuc, Nicolae"]
[Result "1-0"]
[WhiteElo "2065"]
[BlackElo "1878"]
[PlyCount "67"]
[EventDate "2019.11.12"]
[EventType "swiss"]
[EventRounds "11"]
[EventCountry "ROU"]
[SourceTitle "CBM 193 Extra"]
[Source "ChessBase"]
[SourceDate "2020.01.31"]
[SourceVersion "1"]
[SourceVersionDate "2020.01.31"]
[SourceQuality "1"]

1. c4 Nf6 2. g3 g6 3. Bg2 Bg7 4. Nc3 d6 5. e4 c5 6. Nge2 Nc6 7. 0-0 0-0 8. d3 Bg4 9. f3 Bd7 10. Be3 a6 11. d4 cxd4 12. Nxd4 Nxd4 13. Bxd4 b5 14. cxb5 Bxb5 15. Nxb5 axb5 16. a3 Nd7 17. Bxg7 Kxg7 18. Qd4+ f6 19. Rac1 Qb6 20. Qxb6 Nxb6 21. Rc7 Kf7 22. f4 Nc4 23. e5 Rac8 24. e6+ Kxe6 25. Re1+ Ne5 26. Rb7 Rc5 27. Bf1 Rfc8 28. fxe5 Rxe5 29. Rxe5+ Kxe5 30. Bxb5 Rc1+ 31. Kf2 d5 32. a4 Kd6 33. a5 Rc2+ 34. Be2 1-0

[Event "Calvia Amateur op 16th"]
[Site "Calvia"]
[Date "2019.10.12"]
[Round "8"]
[White "Verciuc, Nicolae"]
[Black "Altarriba Gracia, Sergio"]
[Result "1/2-1/2"]
[WhiteElo "1874"]
[BlackElo "1996"]
[PlyCount "31"]
[EventDate "2019.10.05"]
[EventType "swiss"]
[EventRounds "9"]
[EventCountry "ESP"]
[SourceTitle "CBM 192 Extra"]
[Source "Chessbase"]
[SourceDate "2019.11.06"]
[SourceVersion "1"]
[SourceVersionDate "2019.11.06"]
[SourceQuality "1"]

1. d4 Nf6 2. Nf3 g6 3. c4 Bg7 4. Nc3 0-0 5. e4 d6 6. h3 e5 7. Be3 Nc6 8. Qd2 exd4 9. Nxd4 Re8 10. Nxc6 bxc6 11. f3 d5 12. cxd5 cxd5 13. Bb5 Bd7 14. Bxd7 Qxd7 15. Rd1 c6 16. 0-0 1/2-1/2

[Event "Calvia Amateur op 16th"]
[Site "Calvia"]
[Date "2019.10.06"]
[Round "2"]
[White "Galiana Salom, Juan Ramon"]
[Black "Verciuc, Nicolae"]
[Result "1-0"]
[WhiteElo "2236"]
[BlackElo "1874"]
[PlyCount "75"]
[EventDate "2019.10.05"]
[EventType "swiss"]
[EventRounds "9"]
[EventCountry "ESP"]
[SourceTitle "CBM 192 Extra"]
[Source "Chessbase"]
[SourceDate "2019.11.06"]
[SourceVersion "1"]
[SourceVersionDate "2019.11.06"]
[SourceQuality "1"]

1. e4 e5 2. Nf3 Nf6 3. Nxe5 d6 4. Nf3 Nxe4 5. Nc3 Nxc3 6. dxc3 Be7 7. Be3 Nc6 8. Bd3 Bg4 9. h3 Bh5 10. Qe2 0-0 11. g4 Bg6 12. Bxg6 fxg6 13. 0-0-0 Qe8 14. Kb1 Qf7 15. Nd2 a6 16. h4 b5 17. h5 g5 18. Rh3 Qe6 19. Rg1 Ne5 20. Nf3 Nxf3 21. Rxf3 h6 22. Rxf8+ Rxf8 23. Qd3 d5 24. a3 c6 25. a4 Qe4 26. Qxe4 dxe4 27. axb5 axb5 28. Rd1 Rd8 29. Re1 Re8 30. Bb6 Bd6 31. Rd1 Re6 32. c4 bxc4 33. Rd4 Kf7 34. Rxc4 g6 35. hxg6+ Kxg6 36. Rxc6 Kf7 37. Be3 Bf4 38. Kc1 1-0

[Event "Zalakaros op 37th"]
[Site "Zalakaros"]
[Date "2018.05.29"]
[Round "5"]
[White "Verciuc, Nicolae"]
[Black "Marton, Jozsef"]
[Result "0-1"]
[WhiteElo "1862"]
[BlackElo "2080"]
[PlyCount "90"]
[EventDate "2018.05.25"]
[EventType "swiss"]
[EventRounds "9"]
[EventCountry "HUN"]
[SourceTitle "EXT 2019"]
[Source "ChessBase"]
[SourceDate "2018.10.10"]
[SourceVersion "1"]
[SourceVersionDate "2018.10.10"]
[SourceQuality "1"]

1. d4 d5 2. Nf3 Nf6 3. Bf4 c5 4. c3 Nc6 5. e3 Qb6 6. Qb3 c4 7. Qxb6 axb6 8. Be2 b5 9. 0-0 e6 10. Ne5 b4 11. cxb4 Bxb4 12. Rc1 Nxe5 13. Bxe5 Bd7 14. f3 Ke7 15. Bg3 b5 16. Nc3 Bxc3 17. Rxc3 Ra7 18. b4 Rha8 19. a3 Bc6 20. Bd1 Nd7 21. Be1 f6 22. Bd2 Nb6 23. Bc1 Be8 24. Bb2 Bg6 25. Rac1 Bd3 26. Kf2 g5 27. Ra1 Kd6 28. Bc1 Nd7 29. g3 Nb8 30. Bb2 Nd7 31. Bc1 Nb6 32. Bb2 Rg8 33. Bc1 f5 34. Kg2 h5 35. Ra2 h4 36. Kg1 Rh7 37. gxh4 gxh4+ 38. Rg2 Rhg7 39. Rxg7 Rxg7+ 40. Kf2 h3 41. e4 dxe4 42. Bf4+ Kd7 43. fxe4 Rg2+ 44. Ke1 fxe4 45. Bg3 Nd5 0-1

[Event "Miercurea Ciuc Bancpost op 20th"]
[Site "Miercurea Ciuc"]
[Date "2017.08.25"]
[Round "9"]
[White "Verciuc, Nicolae"]
[Black "Balla, Tamas Kristof"]
[Result "0-1"]
[WhiteElo "1836"]
[BlackElo "2371"]
[PlyCount "68"]
[EventDate "2017.08.17"]
[EventType "swiss"]
[EventRounds "9"]
[EventCountry "ROU"]
[SourceTitle "EXT 2020"]
[Source "ChessBase"]
[SourceDate "2019.10.17"]
[SourceVersion "1"]
[SourceVersionDate "2019.10.17"]
[SourceQuality "1"]

1. d4 Nf6 2. Nf3 b6 3. c4 Bb7 4. Nc3 g6 5. Bf4 Bg7 6. e3 d6 7. Be2 Nbd7 8. 0-0 Nh5 9. Ng5 Nxf4 10. exf4 h6 11. Nf3 0-0 12. Qc2 e6 13. Rad1 f5 14. b4 a5 15. a3 axb4 16. axb4 g5 17. c5 g4 18. Ne1 Nf6 19. f3 h5 20. b5 Bd5 21. cxb6 cxb6 22. Nxd5 Nxd5 23. Qd2 Ra4 24. Nc2 Qf6 25. fxg4 hxg4 26. g3 Rc8 27. Rfe1 Nc3 28. Rc1 Ne4 29. Qd1 d5 30. Kg2 Qh6 31. Bxg4 fxg4 32. Qxg4 Rac4 33. Re2 Qf6 34. h4 Rc3 0-1

[Event "Miercurea Ciuc Bancpost op 20th"]
[Site "Miercurea Ciuc"]
[Date "2017.08.18"]
[Round "2"]
[White "Csavlovics, Jozsef"]
[Black "Verciuc, Nicolae"]
[Result "0-1"]
[WhiteElo "1515"]
[BlackElo "1836"]
[PlyCount "56"]
[EventDate "2017.08.17"]
[EventType "swiss"]
[EventRounds "9"]
[EventCountry "ROU"]
[SourceTitle "EXT 2020"]
[Source "ChessBase"]
[SourceDate "2019.10.17"]
[SourceVersion "1"]
[SourceVersionDate "2019.10.17"]
[SourceQuality "1"]

1. e4 c5 2. c3 Nf6 3. e5 Nd5 4. d4 cxd4 5. cxd4 e6 6. Nf3 Nc6 7. Be2 Be7 8. 0-0 0-0 9. a3 f5 10. Bc4 d6 11. Bxd5 exd5 12. Re1 dxe5 13. dxe5 Be6 14. Nc3 a6 15. b4 b5 16. Ne2 Rc8 17. Ned4 Nxd4 18. Nxd4 Qd7 19. Be3 f4 20. Bd2 Rc4 21. Nxe6 Qxe6 22. Rc1 g5 23. Rxc4 dxc4 24. Bc3 Rd8 25. Qh5 Rd3 26. Rc1 Bf8 27. Qxg5+ Qg6 28. Qxf4 Bh6 0-1